Elements Alphabetically ordered - Statistics

General Stats
  • This quiz has been taken 1,772 times
  • The average score is 75 of 118
Answer Stats
Element % Correct
Argon
89%
Hydrogen
89%
Aluminium
88%
Boron
88%
Helium
88%
Oxygen
86%
Carbon
85%
Gold
84%
Arsenic
83%
Beryllium
83%
Copper
82%
Magnesium
81%
Uranium
81%
Xenon
81%
Krypton
80%
Lithium
80%
Iodine
79%
Nitrogen
79%
Zinc
79%
Einsteinium
78%
Fluorine
78%
Americium
77%
Calcium
77%
Manganese
76%
Silver
76%
Barium
75%
Iron
75%
Neon
75%
Chlorine
74%
Germanium
74%
Californium
72%
Cobalt
72%
Francium
72%
Gallium
72%
Potassium
72%
Radium
72%
Vanadium
72%
Cadmium
71%
Indium
71%
Radon
71%
Tin
71%
Plutonium
70%
Yttrium
70%
Antimony
69%
Bromine
69%
Caesium
69%
Platinum
69%
Sulfur
69%
Zirconium
69%
Curium
68%
Lead
68%
Phosphorus
68%
Chromium
67%
Iridium
67%
Astatine
66%
Mercury
66%
Nickel
66%
Actinium
65%
Bismuth
65%
Sodium
65%
Tungsten
65%
Europium
64%
Selenium
64%
Erbium
63%
Hafnium
63%
Palladium
63%
Polonium
63%
Titanium
62%
Ytterbium
62%
Osmium
61%
Berkelium
60%
Silicon
60%
Rutherfordium
59%
Cerium
58%
Scandium
58%
Dubnium
57%
Neptunium
57%
Rhodium
57%
Rubidium
57%
Copernicium
56%
Thorium
56%
Darmstadtium
55%
Lawrencium
55%
Oganesson
55%
Fermium
54%
Holmium
54%
Mendelevium
54%
Ruthenium
54%
Strontium
54%
Thallium
54%
Bohrium
53%
Molybdenum
53%
Gadolinium
52%
Lanthanum
52%
Livermorium
51%
Moscovium
51%
Nobelium
51%
Dysprosium
50%
Hassium
50%
Tantalum
50%
Tennessine
49%
Niobium
48%
Rhenium
48%
Tellurium
48%
Lutetium
46%
Flerovium
44%
Neodymium
44%
Seaborgium
43%
Technetium
43%
Terbium
43%
Promethium
42%
Samarium
42%
Praseodymium
41%
Protactinium
41%
Thulium
41%
Nihonium
38%
Roentgenium
38%
Meitnerium
37%
No matching quizzes found
Score Distribution
Percent of People with Each Score
Percentile by Number Answered
Your Score History
You have not taken this quiz